000
00161nam a22000857a 4500
082
_a
823
100
_a
G RADHAKRISHNA PILLAI
245
_a
MULLAH STORIES
942
_c
BK
999
_c
8354
_d
8354